<?xml version="1.0" encoding="UTF-8"?><?xml-stylesheet type="text/xsl" href="static/style.xsl"?><OAI-PMH xmlns="http://www.openarchives.org/OAI/2.0/" xmlns:xsi="http://www.w3.org/2001/XMLSchema-instance" xsi:schemaLocation="http://www.openarchives.org/OAI/2.0/ http://www.openarchives.org/OAI/2.0/OAI-PMH.xsd"><responseDate>2026-04-18T02:59:22Z</responseDate><request verb="GetRecord" identifier="oai:www.recercat.cat:20.500.12328/4320" metadataPrefix="marc">https://recercat.cat/oai/request</request><GetRecord><record><header><identifier>oai:recercat.cat:20.500.12328/4320</identifier><datestamp>2025-05-16T12:53:43Z</datestamp><setSpec>com_2072_67741</setSpec><setSpec>col_2072_484352</setSpec></header><metadata><record xmlns="http://www.loc.gov/MARC21/slim" xmlns:dcterms="http://purl.org/dc/terms/" xmlns:xsi="http://www.w3.org/2001/XMLSchema-instance" xmlns:doc="http://www.lyncode.com/xoai" xsi:schemaLocation="http://www.loc.gov/MARC21/slim http://www.loc.gov/standards/marcxml/schema/MARC21slim.xsd">
   <leader>00925njm 22002777a 4500</leader>
   <datafield ind2=" " ind1=" " tag="042">
      <subfield code="a">dc</subfield>
   </datafield>
   <datafield ind2=" " ind1=" " tag="720">
      <subfield code="a">Offenbächer, Victoria</subfield>
      <subfield code="e">author</subfield>
   </datafield>
   <datafield ind2=" " ind1=" " tag="720">
      <subfield code="a">Saus, Ester</subfield>
      <subfield code="e">author</subfield>
   </datafield>
   <datafield ind2=" " ind1=" " tag="720">
      <subfield code="a">Nart, José</subfield>
      <subfield code="e">author</subfield>
   </datafield>
   <datafield ind2=" " ind1=" " tag="720">
      <subfield code="a">real.voltas, francisco</subfield>
      <subfield code="e">author</subfield>
   </datafield>
   <datafield ind2=" " ind1=" " tag="720">
      <subfield code="a">Arregui, Maria</subfield>
      <subfield code="e">author</subfield>
   </datafield>
   <datafield ind2=" " ind1=" " tag="720">
      <subfield code="a">Greethurst , Alice Rose</subfield>
      <subfield code="e">author</subfield>
   </datafield>
   <datafield ind2=" " ind1=" " tag="720">
      <subfield code="a">Galletti, Cosimo</subfield>
      <subfield code="e">author</subfield>
   </datafield>
   <datafield ind2=" " ind1=" " tag="260">
      <subfield code="c">2024</subfield>
   </datafield>
   <datafield ind2=" " ind1=" " tag="520">
      <subfield code="a">Background: The aim of this systematic review was to evaluate the therapeutic potential of probiotics in patients with halitosis and to assess whether probiotics can also be implemented as a preventative tool in oral health. Secondary objectives included the effect of probiotics on oral-health-related quality of life, as well as their safety. Materials and methods: An electronic literature search in Medline (PubMed), Scopus, Web of Science, and the Cochrane library was carried out for the identification and selection of relevant randomized controlled trials. Eligibility was based on inclusion criteria, which included RCTs published after 2013, and the outcome variables were volatile sulfur compound (VSC) levels, organoleptic scores, plaque, or saliva samples to assess cariogenic bacteria counts and/or pH levels. Results: Out of 192 identified records, 16 randomized controlled trials were included. Ten of those studied the effects of probiotics on halitosis and the other six analyzed the effect of probiotics on oral health parameters, such as cariogenic bacteria counts, pH levels, and salivary flow and quality. A total of 921 patients were evaluated. The risk of bias was assessed using the Cochrane risk-of-bias assessment tool version 2. Conclusions: Probiotics exhibit the potential for oral health management by reducing VSC levels, improving saliva quality, and enhancing oral-health-related quality of life. Combining probiotics with tongue scraping may sustain VSC reduction, while symbiotics show potential in reducing tongue coating. However, different bacterial strains have been used in the included studies; hence, the conclusions cannot be generalized, being one of the main limitations of this review. Future research should explore the probiotics’ potential to persist in the oral cavity post-treatment and employ standardized methodologies for conclusive efficacy assessment.</subfield>
   </datafield>
   <datafield ind1="8" ind2=" " tag="024">
      <subfield code="a">Offenbächer, Victoria; Lo Giudice, Roberto; Nart, José [et al.]. The influence of probiotics in halitosis and cariogenic bacteria: a systematic review and meta-analysis. Applied Sciences, 2024, 14(15), 6639. Disponible en: &lt;https://www.mdpi.com/2076-3417/14/15/6639>. Fecha de acceso: 6 sep. 2024. DOI: 10.3390/app14156639</subfield>
   </datafield>
   <datafield ind1="8" ind2=" " tag="024">
      <subfield code="a">2076-3417</subfield>
   </datafield>
   <datafield ind1="8" ind2=" " tag="024">
      <subfield code="a">http://hdl.handle.net/20.500.12328/4320</subfield>
   </datafield>
   <datafield ind1="8" ind2=" " tag="024">
      <subfield code="a">https://dx.doi.org/10.3390/app14156639</subfield>
   </datafield>
   <datafield tag="653" ind2=" " ind1=" ">
      <subfield code="a">Probiòtics</subfield>
   </datafield>
   <datafield tag="653" ind2=" " ind1=" ">
      <subfield code="a">Halitosi</subfield>
   </datafield>
   <datafield tag="653" ind2=" " ind1=" ">
      <subfield code="a">Bacteris cariogènics</subfield>
   </datafield>
   <datafield tag="653" ind2=" " ind1=" ">
      <subfield code="a">Revisió sistemàtica</subfield>
   </datafield>
   <datafield tag="653" ind2=" " ind1=" ">
      <subfield code="a">Probióticos</subfield>
   </datafield>
   <datafield tag="653" ind2=" " ind1=" ">
      <subfield code="a">Halitosis</subfield>
   </datafield>
   <datafield tag="653" ind2=" " ind1=" ">
      <subfield code="a">Bacterias cariogénicas</subfield>
   </datafield>
   <datafield tag="653" ind2=" " ind1=" ">
      <subfield code="a">Revisión sistemática</subfield>
   </datafield>
   <datafield tag="653" ind2=" " ind1=" ">
      <subfield code="a">Probiotics</subfield>
   </datafield>
   <datafield tag="653" ind2=" " ind1=" ">
      <subfield code="a">Halitosis</subfield>
   </datafield>
   <datafield tag="653" ind2=" " ind1=" ">
      <subfield code="a">Cariogenic bacteria</subfield>
   </datafield>
   <datafield tag="653" ind2=" " ind1=" ">
      <subfield code="a">Systematic review</subfield>
   </datafield>
   <datafield ind2="0" ind1="0" tag="245">
      <subfield code="a">The influence of probiotics in halitosis and cariogenic bacteria: a systematic review and meta-analysis</subfield>
   </datafield>
</record></metadata></record></GetRecord></OAI-PMH>